| 000 | 01052nam a2200265Ia 4500 | ||
|---|---|---|---|
| 003 | OSt | ||
| 005 | 20200804145640.0 | ||
| 008 | 191128s2007 ck ad fr 000 0dspa d | ||
| 020 | _a9789586536219 | ||
| 040 |
_aCO-JMCR _cCO-JMCR |
||
| 041 | 0 | _aspa | |
| 082 | 0 | 4 |
_a343.034 / _bR277d _223 |
| 100 | 1 |
_aRestrepo, Juan Camilo, _eautor _98 |
|
| 245 | 1 | 0 |
_aDerecho presupuestal colombiano / _cJuan Camilo Restrepo |
| 250 | _aPrimera edición | ||
| 260 |
_aBogotá : _bLegis, _c2007 |
||
| 300 |
_axviii, 509 páginas : _bgráficos a blanco y negro ; _c24 cm. |
||
| 500 | _aIncluye datos biográficos del autor en solapa. | ||
| 504 | _aBibliografía: páginas 501-509. | ||
| 505 | 0 | _aFundamentos del derecho presupuestal -- Los principios constitucionales del derecho presupuestal -- El ciclo presupuestal -- Entidades territoriales y presupuesto -- La función económica del presupuesto y su fisionomía jurídica | |
| 650 | 1 | 4 |
_aDerecho fiscal _98369 |
| 650 | 1 | 4 |
_aPresupuesto público _94371 |
| 650 | 1 | 4 |
_aPolítica fiscal _98370 |
| 942 |
_2ddc _cBK |
||
| 999 |
_c4745 _d4745 |
||